| 000 | 05834cam a22019574i 4500 | ||
|---|---|---|---|
| 003 | PE-LiUPU | ||
| 005 | 20250813165835.0 | ||
| 008 | 111117s2011 pe a rb 000 0 spa d | ||
| 020 | _a9786124549380 | ||
| 035 | _a(Sirsi) i9786124549380 | ||
| 040 |
_aPE-LiUPU _bspa _cPE-LiUPU _erda |
||
| 049 | _aPRUA | ||
| 082 | 0 | 4 |
_a657.61 _bA62p |
| 082 | 0 | 4 |
_a657.61 _bA62p 2011 |
| 100 | 1 |
_aApaza Meza, Mario, _eautor. |
|
| 245 | 1 | 3 |
_aEl PCGE adaptado a NIIF completas y NIIF pymes / _cMario Apaza Meza. |
| 250 | _aPrimera edición. | ||
| 264 | 1 |
_aLima : _bGrupo Acrópolis, _c2011 |
|
| 300 |
_a700, xi páginas : _bilustraciones ; _c25 centimetros |
||
| 300 | _a01 CD-ROM. | ||
| 336 |
_atext _2rdacontent |
||
| 337 |
_aunmediated _2rdamedia |
||
| 338 |
_avolume _2rdacarrier |
||
| 490 | 0 | _aNIIF para Pymes | |
| 505 | 0 | _aModificaciones a las NIIF y PCGE 2011 -- Las finanzas y los nuevos métodos del medición en el PCGE y las NIIF -- Nuevo plan contable general empresarial adaptado a NIIF para pymes -- Instrumentos financieros según NIIF para PYMES y NIIF completas -- Principales diferencias de NIIF PYMES versus NIIF completas -- Primeras aplicaciones de las NIIF completas y NIIF para PYMES -- Nuevo plan contable general empresarial aplicado a la contabilidad simplificada -- Casos prácticos integrales comparativos por aplicación del PCGE en NIIF para PYMES y NIIF completas. | |
| 526 | _aP203 | ||
| 526 | _aP200 | ||
| 526 | _aSEG65 | ||
| 526 | _aSEG64 | ||
| 526 | _aSEG63 | ||
| 526 | _aSEG62 | ||
| 526 | _aSEG61 | ||
| 526 | _aSEG60 | ||
| 526 | _aSEG59 | ||
| 526 | _aSEG58 | ||
| 526 | _aSEG57 | ||
| 526 | _aSEG56 | ||
| 526 | _aSEG55 | ||
| 526 | _aSEG54 | ||
| 526 | _aSEG53 | ||
| 526 | _aSEG52 | ||
| 526 | _aSEG51 | ||
| 526 | _aSEG50 | ||
| 526 | _aSEG49 | ||
| 526 | _aSEG48 | ||
| 526 | _aSEG47 | ||
| 526 | _aSEG46 | ||
| 526 | _aSEG24 | ||
| 526 | _aSEG23 | ||
| 526 | _aSEG22 | ||
| 526 | _aSEG21 | ||
| 526 | _aSEG20 | ||
| 526 | _aSEG19 | ||
| 526 | _aSEG18 | ||
| 526 | _aSEG17 | ||
| 526 | _aSEG16 | ||
| 526 | _aSEG14 | ||
| 526 | _aSEG13 | ||
| 526 | _aSEG12 | ||
| 526 | _aSEG11 | ||
| 526 | _aSEG10 | ||
| 526 | _aSEG09 | ||
| 526 | _aSEG06 | ||
| 526 | _aSEG05 | ||
| 526 | _aSEG04 | ||
| 526 | _aSEG03 | ||
| 526 | _aSEG02 | ||
| 526 | _aSEG68 | ||
| 526 | _aSEG66 | ||
| 526 | _aSEG45 | ||
| 526 | _aSEG25 | ||
| 526 | _aSEG01 | ||
| 526 | _aP163 | ||
| 526 | _aP162 | ||
| 526 | _aP161 | ||
| 526 | _aP160 | ||
| 526 | _aP159 | ||
| 526 | _aP158 | ||
| 526 | _aP157 | ||
| 526 | _aP156 | ||
| 526 | _aP155 | ||
| 526 | _aP154 | ||
| 526 | _aP153 | ||
| 526 | _aP152 | ||
| 526 | _aP151 | ||
| 526 | _aP150 | ||
| 526 | _aP149 | ||
| 526 | _aP142 | ||
| 526 | _aP141 | ||
| 526 | _aP140 | ||
| 526 | _aP139 | ||
| 526 | _aP138 | ||
| 526 | _aP137 | ||
| 526 | _aP132 | ||
| 526 | _aP131 | ||
| 526 | _aP130 | ||
| 526 | _aP126 | ||
| 526 | _aP125 | ||
| 526 | _aP124 | ||
| 526 | _aP123 | ||
| 526 | _aP115 | ||
| 526 | _aP122 | ||
| 526 | _aP121 | ||
| 526 | _aP116 | ||
| 526 | _a P114 | ||
| 526 | _aP112 | ||
| 526 | _aP111 | ||
| 526 | _aP104 | ||
| 526 | _aP103 | ||
| 526 | _aP102 | ||
| 526 | _aP101 | ||
| 526 | _aP100 | ||
| 526 | _aP96 | ||
| 526 | _aP95 | ||
| 526 | _aP93 | ||
| 526 | _aP92 | ||
| 526 | _aP91 | ||
| 526 | _aP88 | ||
| 526 | _aP83 | ||
| 526 | _aP82 | ||
| 526 | _aP79 | ||
| 526 | _aP78 | ||
| 526 | _aP75 | ||
| 526 | _aP74 | ||
| 526 | _aP71 | ||
| 526 | _aP69 | ||
| 526 | _a P51 | ||
| 526 | _aP49 | ||
| 526 | _aP48 | ||
| 526 | _aP47 | ||
| 526 | _aP33 | ||
| 526 | _aP31 | ||
| 526 | _a P30 | ||
| 526 | _aP29 | ||
| 526 | _aP27 | ||
| 526 | _aP26 | ||
| 526 | _aP25 | ||
| 526 | _aP24 | ||
| 526 | _a P22 | ||
| 526 | _aP10 | ||
| 526 | _aP09 | ||
| 526 | _a P08 | ||
| 526 | _aP06 | ||
| 526 | _aP05 | ||
| 526 | _aP04 | ||
| 526 | _aP01 | ||
| 541 | _g001-0039190; | ||
| 541 | _FAdministración; | ||
| 650 | 1 | 4 |
_aPlan contable general para empresas (PCGE) _zPerú. |
| 650 | 1 | 4 |
_aInformación financiera _vNormas internacionales. |
| 650 | 1 | 4 |
_aPequeña empresa _xContabilidad. |
| 910 |
_agl _b _cjck _d20111117 |
||
| 910 |
_aaas _bjck _caas _d20150707 |
||
| 942 |
_2ddc _cBOOK |
||
| 949 |
_a657.61 A62P _wDEWEY _c1 _i64004 _lCCODEBUL1 _mBUL _p45.00 _r0 _sY _tBOOK _u2015-7-6 _xFCE _PP08 _o.STAFF. Colección General |
||
| 949 |
_a657.61 A62P _wDEWEY _c2 _i71567 _lCCODEBUL1 _mBUL _p37.85 _r0 _sY _tBOOK _u2015-7-7 _xFCE _0COMPRA _o.STAFF. Colección General |
||
| 949 |
_a657.61 A62p 2011 _wDEWEY _c1 _iFJ04196 _lCCODEBUJ1 _mBUJ _p40.00 _r0 _sY _tBOOK _u2016-11-16 _xFCE _PP04 _0COMPRA _o.STAFF. Colección General Juliaca |
||
| 949 |
_a657.61 A62p 2011 _wDEWEY _c2 _iFJ04197 _lCCODEBUJ1 _mBUJ _p40.00 _r0 _sY _tBOOK _u2016-11-16 _xFCE _PP04 _0COMPRA _o.STAFF. Colección General Juliaca |
||
| 994 |
_aC0 _bPEPRU |
||
| 596 | _a1 3 | ||
| 999 |
_a657.61 A62P _wDEWEY _c52849 _i64004 _d52849 _e2019-3-25 _f2021-11-5 _g5 _lCCODEBUL1 _mBUL _n6 _p45.00 _q1 _r0 _sY _tBOOK _u2015-7-6 _xFCE _PP08 _0COMPRA _o.STAFF. Colección General |
||
| 999 |
_a657.61 A62P _wDEWEY _c2 _i71567 _f2021-11-5 _g5 _lCCODEBUL1 _mBUL _p37.85 _r0 _sY _tBOOK _u2015-7-7 _xFCE _PP08 _0COMPRA _o.STAFF. Colección General |
||
| 999 |
_a657.61 A62P 2011 _wDEWEY _c1 _iFJ04196 _d2019-9-4 _e2017-5-9 _f2022-1-31 _g4 _lCCODEBUJ1 _mBUJ _n3 _p40.00 _q2 _r0 _sY _tBOOK _u2015-10-9 _xFCE _PP04 _0COMPRA _o.STAFF. Colección General Juliaca |
||
| 999 |
_a657.61 A62P 2011 _wDEWEY _c2 _iFJ04197 _d2017-9-29 _e2017-6-28 _f2022-1-31 _g4 _lCCODEBUJ1 _mBUJ _n4 _p40.00 _q2 _r0 _sY _tBOOK _u2016-11-16 _xFCE _PP04 _0COMPRA _o.STAFF. Colección General Juliaca |
||
| 980 |
_81 _gALBERTO SANCHEZ Responsable de Automatización |
||